Parlamentné voľby do NR SR

Bibliographic Details
Format: Article
Language:Slovak
Hungarian
PhysicalDescription:Tab.
Subjects:

MARC

LEADER 00000nab a2200000 a 4500
001 vtls010424875
003 SK-MaSNL
005 20260305044737.0
008 120523c2012 xo qrzp 0 0slo
038 |a RVGKPD 
040 |a RVGKPD  |b slo  |c RVGKPD  |e AACR2 
041 0 |a slo  |a hun 
044 |a xo  |c SK 
080 |a 324  |x (437.6)  |2 1997 
245 0 0 |a Parlamentné voľby do NR SR 
300 |b Tab. 
650 0 7 |a parlamentné voľby  |y 2012  |2 rvgkpd  |9 1104031 
650 0 7 |a volebné výsledky  |2 rvgkpd  |9 308688 
651 7 |a Krásnohorské Podhradie (Slovensko)  |2 rvgkpd  |9 26876 
651 7 |a Rožňava (Slovensko : okres)  |2 rvgkpd  |9 19215 
773 0 |t Život pod hradom  |g Roč. VII, č. 1 (máj 2012), s. 3 
852 |a RVGKPD  |b KIS3G 
992 |a RBX 
999 |c 3360378  |d 3362308